000 00897nam0a22002651 4500
001 rc\420753
005 20030616170404.6
035 _a(NLR Aleph) 005668255
090 _a6946079
_c6946079
100 _a20030616d1988 u |0rusy50 ca
101 0 _arus
102 _aRU
105 _aa |||||||||
200 1 _aОсновы теории надежности автоматических устройств
_eУчеб. пособие
_fМ-во высш. и сред. спец. образования РСФСР, Ом. политехн. ин-т
210 _aОмск
_cОмПИ
_d1988
215 _a83 с.
_cил.
_d20
320 _aБиблиогр.: с. 81
333 _aДСП. Экз. № 000105
700 1 _aДаниленко
_bЕ. Л.
701 1 _aШалай
_bВ. В.
801 0 _aRU
_bNLR
_gpsbo
801 1 _aRU
_bELAR
_2rusmarc
852 _aNLR
_j89-50К/6304
942 _cBOOK
980 _aNB